[Event "HUN-chT2 Charousek 1415"]
[Site "Hungary"]
[Date "2015.02.08"]
[Round "6"]
[White "Legman, Miklos"]
[Black "Makk, Norbert"]
[Result "1/2-1/2"]
[WhiteElo "1994"]
[BlackElo "2025"]
[PlyCount "29"]
[EventDate "2014.10.12"]
[EventType "team-tourn"]
[EventRounds "9"]
[EventCountry "HUN"]
[SourceTitle "EXT 2016"]
[Source "ChessBase"]
[SourceDate "2015.10.08"]
[SourceVersion "1"]
[SourceVersionDate "2015.10.08"]
[SourceQuality "1"]
[WhiteTeam "Biatorbagy"]
[BlackTeam "SZASTE"]
[WhiteTeamCountry "HUN"]
[BlackTeamCountry "HUN"]

1. e4 e5 2. Bc4 Nf6 3. d3 Nc6 4. Nf3 Bc5 5. 0-0 h6 6. c3 d6 7. h3 a6 8. d4 exd4 9. cxd4 Ba7 10. Re1 0-0 11. Nc3 Re8 12. Bf4 b5 13. Bd5 Nxd5 14. Nxd5 Ne7 15. Nxe7+ 1/2-1/2

[Event "HUN-chT2 Charousek 1314"]
[Site "Hungary"]
[Date "2014.03.02"]
[Round "8"]
[White "Makk, Norbert"]
[Black "Joo, Gabor"]
[Result "1/2-1/2"]
[WhiteElo "2025"]
[BlackElo "2077"]
[PlyCount "87"]
[EventDate "2013.09.08"]
[EventType "team-tourn"]
[EventRounds "11"]
[EventCountry "HUN"]
[SourceTitle "EXT 2016"]
[Source "ChessBase"]
[SourceDate "2015.10.08"]
[SourceVersion "1"]
[SourceVersionDate "2015.10.08"]
[SourceQuality "1"]
[WhiteTeam "Alsoszolnok"]
[BlackTeam "Szombathely Haladas II"]
[WhiteTeamCountry "HUN"]
[BlackTeamCountry "HUN"]

1. e4 c5 2. Nf3 d6 3. d4 cxd4 4. Nxd4 Nf6 5. f3 g6 6. c4 Bg7 7. Be3 0-0 8. Nc3 Nc6 9. Qd2 Bd7 10. Be2 a6 11. 0-0 Rc8 12. Rac1 Nxd4 13. Bxd4 Be6 14. Nd5 Bxd5 15. cxd5 Qd7 16. Rxc8 Rxc8 17. Rc1 h5 18. Rxc8+ Qxc8 19. Qc3 Qxc3 20. Bxc3 Nd7 21. Bxg7 Kxg7 22. Kf2 Kf6 23. Ke3 e6 24. dxe6 fxe6 25. g3 Ne5 26. h3 Nc6 27. f4 e5 28. Bc4 b5 29. Bd5 Nb4 30. Bb3 Nc6 31. Bd1 Nd4 32. g4 hxg4 33. hxg4 g5 34. f5 Ke7 35. a4 Kd7 36. axb5 axb5 37. Kd3 Kc6 38. Kc3 Kc5 39. b4+ Kc6 40. Bb3 Kd7 41. Bd1 Ke7 42. Kd3 Kf6 43. Kc3 Ke7 44. Kd3 1/2-1/2

[Event "HUN-chT2 Szechenyi 1112"]
[Site "Hungary"]
[Date "2012.04.22"]
[Round "9.3"]
[White "Odor, Istvan"]
[Black "Makk, Norbert"]
[Result "1/2-1/2"]
[WhiteElo "2073"]
[BlackElo "1969"]
[PlyCount "22"]
[EventDate "2011.09.25"]
[EventType "team-tourn"]
[EventRounds "11"]
[EventCountry "HUN"]
[SourceTitle "EXT 2013"]
[Source "ChessBase"]
[SourceDate "2012.11.22"]
[SourceVersion "1"]
[SourceVersionDate "2012.11.22"]
[SourceQuality "1"]
[WhiteTeam "Sarvar"]
[BlackTeam "Alsoszolnok"]
[WhiteTeamCountry "HUN"]
[BlackTeamCountry "HUN"]

1. e4 e5 2. Nf3 Nc6 3. Bc4 Bc5 4. c3 Nf6 5. d3 a6 6. Bb3 Ba7 7. 0-0 0-0 8. Re1 h6 9. h3 Re8 10. Nbd2 d5 11. Qe2 Be6 1/2-1/2

[Event "HUN-chT2 Szechenyi 1112"]
[Site "Hungary"]
[Date "2012.02.19"]
[Round "6.8"]
[White "Makk, Norbert"]
[Black "Kiss, Balint"]
[Result "1/2-1/2"]
[WhiteElo "1969"]
[BlackElo "1821"]
[PlyCount "78"]
[EventDate "2011.09.25"]
[EventType "team-tourn"]
[EventRounds "11"]
[EventCountry "HUN"]
[SourceTitle "EXT 2013"]
[Source "ChessBase"]
[SourceDate "2012.11.22"]
[SourceVersion "1"]
[SourceVersionDate "2012.11.22"]
[SourceQuality "1"]
[WhiteTeam "Alsoszolnok"]
[BlackTeam "Arboretum"]
[WhiteTeamCountry "HUN"]
[BlackTeamCountry "HUN"]

1. e4 e5 2. Nf3 Nc6 3. Bb5 a6 4. Ba4 Nf6 5. d4 exd4 6. 0-0 Be7 7. e5 Ne4 8. Re1 Nc5 9. Bxc6 dxc6 10. Nxd4 Ne6 11. Be3 Nxd4 12. Qxd4 Be6 13. Qf4 Qd7 14. Nc3 Bd5 15. Rad1 Qe6 16. Qd4 Rd8 17. Qf4 0-0 18. Rd2 Rd7 19. Red1 Rfd8 20. a3 c5 21. h3 Bc6 22. Ne4 b6 23. f3 Rxd2 24. Rxd2 Rd5 25. Rxd5 Qxd5 26. Nc3 Qe6 27. Ne4 h6 28. Bf2 Kh8 29. Nc3 Bg5 30. Qg4 Qxg4 31. hxg4 Bf4 32. e6 fxe6 33. Ne2 Bd6 34. Kf1 Bb5 35. Ke1 Bxe2 36. Kxe2 Kg8 37. Kd3 Kf7 38. Ke4 Kf6 39. Bh4+ g5 1/2-1/2

[Event "HUN-chT2 Szechenyi 1112"]
[Site "Hungary"]
[Date "2011.11.27"]
[Round "4.8"]
[White "Makk, Norbert"]
[Black "Toth, Laszlo"]
[Result "1-0"]
[WhiteElo "1969"]
[BlackElo "1858"]
[PlyCount "93"]
[EventDate "2011.09.25"]
[EventType "team-tourn"]
[EventRounds "11"]
[EventCountry "HUN"]
[SourceTitle "EXT 2013"]
[Source "ChessBase"]
[SourceDate "2012.11.22"]
[SourceVersion "1"]
[SourceVersionDate "2012.11.22"]
[SourceQuality "1"]
[WhiteTeam "Alsoszolnok"]
[BlackTeam "Zala Volan"]
[WhiteTeamCountry "HUN"]
[BlackTeamCountry "HUN"]

1. e4 e5 2. Nf3 Nc6 3. d4 exd4 4. Nxd4 Nf6 5. Nxc6 bxc6 6. Nc3 Bc5 7. Bc4 d6 8. 0-0 Bg4 9. Qd3 0-0 10. Kh1 Re8 11. Bg5 Be6 12. Rad1 Rb8 13. Bb3 h6 14. Bh4 g5 15. Bg3 Bxb3 16. axb3 Ng4 17. Na4 Ne5 18. Qc3 Bb4 19. Qd4 c5 20. Qd5 Re6 21. Bxe5 Rxe5 22. Qd3 Qe7 23. f3 Rd8 24. Qb5 Qd7 25. Qa6 Qc8 26. Qxa7 c4 27. Qd4 c5 28. Qxc4 Qb7 29. Nc3 Bxc3 30. Qxc3 Qe7 31. h3 h5 32. Rd5 Re6 33. f4 f6 34. fxg5 fxg5 35. Rff5 Rg6 36. Qe3 Rf8 37. Rxg5 Rff6 38. Rxg6+ Rxg6 39. Rxh5 Qf6 40. Rf5 Qxb2 41. Qd2 Qa1+ 42. Kh2 Qg7 43. Qd5+ Kh7 44. Rh5+ Rh6 45. Qf5+ Kh8 46. Rg5 Qe7 47. Qc8+ 1-0

[Event "HUN-chT2 Szechenyi 1112"]
[Site "Hungary"]
[Date "2011.11.13"]
[Round "3.6"]
[White "Egresi, Mate"]
[Black "Makk, Norbert"]
[Result "1/2-1/2"]
[WhiteElo "1987"]
[BlackElo "1969"]
[PlyCount "43"]
[EventDate "2011.09.25"]
[EventType "team-tourn"]
[EventRounds "11"]
[EventCountry "HUN"]
[SourceTitle "EXT 2013"]
[Source "ChessBase"]
[SourceDate "2012.11.22"]
[SourceVersion "1"]
[SourceVersionDate "2012.11.22"]
[SourceQuality "1"]
[WhiteTeam "Ajka Banyasz"]
[BlackTeam "Alsoszolnok"]
[WhiteTeamCountry "HUN"]
[BlackTeamCountry "HUN"]

1. d4 d5 2. c4 c6 3. e3 Nf6 4. Nc3 e6 5. Nf3 Nbd7 6. a4 Bb4 7. Bd3 0-0 8. 0-0 a5 9. c5 b6 10. cxb6 Qxb6 11. Qc2 Bb7 12. Ne5 h6 13. f4 Rac8 14. Qf2 c5 15. Nb5 c4 16. Bc2 Nxe5 17. fxe5 Ne4 18. Bxe4 dxe4 19. Bd2 Be7 20. Bc3 Bc6 21. Qd2 Ra8 22. Ra2 1/2-1/2

[Event "HUN-chT U18"]
[Site "Miskolc"]
[Date "2011.11.05"]
[Round "6.1"]
[White "Makk, Norbert"]
[Black "Molnar, Mate Lajos"]
[Result "1-0"]
[WhiteElo "1969"]
[BlackElo "1647"]
[PlyCount "47"]
[EventDate "2011.11.02"]
[EventType "team-swiss"]
[EventRounds "8"]
[EventCountry "HUN"]
[SourceTitle "EXT 2012"]
[Source "ChessBase"]
[SourceDate "2011.11.24"]
[SourceVersion "1"]
[SourceVersionDate "2011.11.24"]
[SourceQuality "1"]
[WhiteTeam "Delfin"]
[BlackTeam "Miskolc II"]
[WhiteTeamCountry "HUN"]
[BlackTeamCountry "HUN"]

1. e4 c5 2. Nf3 d6 3. d4 cxd4 4. Nxd4 Nf6 5. f3 a6 6. c4 e6 7. Be3 Be7 8. Nc3 Qc7 9. Be2 Nbd7 10. Rc1 Qb8 11. 0-0 b6 12. Nc6 Qb7 13. Nxe7 Kxe7 14. Qd2 Rd8 15. Rfd1 Ne5 16. Bf1 Rb8 17. Na4 b5 18. cxb5 axb5 19. Nb6 d5 20. Qb4+ Ke8 21. Bxb5+ Bd7 22. Nxd7 Nfxd7 23. a4 Nc4 24. Bc5 1-0

[Event "Dunaujvaros op"]
[Site "Dunaujvaros"]
[Date "2011.03.15"]
[Round "7"]
[White "Makk, Norbert"]
[Black "Albrecht, Gabor"]
[Result "0-1"]
[WhiteElo "1900"]
[BlackElo "2024"]
[PlyCount "60"]
[EventDate "2011.03.12"]
[EventType "swiss"]
[EventRounds "7"]
[EventCountry "HUN"]
[SourceTitle "CBM 141 Extra"]
[Source "ChessBase"]
[SourceDate "2011.05.03"]
[SourceVersion "1"]
[SourceVersionDate "2011.05.03"]
[SourceQuality "1"]

1. e4 c5 2. Nf3 e6 3. d4 cxd4 4. Nxd4 a6 5. c4 Nf6 6. Nc3 Qc7 7. Bd3 Nc6 8. Nxc6 dxc6 9. a3 Bc5 10. 0-0 e5 11. Qc2 Be6 12. b4 Bd4 13. Bb2 Rd8 14. Na4 b6 15. Bxd4 Rxd4 16. c5 b5 17. Nc3 0-0 18. Ne2 Rd7 19. Rfd1 Rfd8 20. f3 a5 21. Kf2 a4 22. Rd2 Bc4 23. Nc1 Rd4 24. Rb1 Qd7 25. Ke3 Nh5 26. g3 Qe7 27. Rb2 Qg5+ 28. Kf2 Qh6 29. Qd1 Nf6 30. Qg1 Bxd3 0-1

[Event "Dunaujvaros op"]
[Site "Dunaujvaros"]
[Date "2011.03.14"]
[Round "5"]
[White "Makk, Norbert"]
[Black "Hoflinger, Istvan"]
[Result "1/2-1/2"]
[WhiteElo "1900"]
[BlackElo "1957"]
[PlyCount "84"]
[EventDate "2011.03.12"]
[EventType "swiss"]
[EventRounds "7"]
[EventCountry "HUN"]
[SourceTitle "CBM 141 Extra"]
[Source "ChessBase"]
[SourceDate "2011.05.03"]
[SourceVersion "1"]
[SourceVersionDate "2011.05.03"]
[SourceQuality "1"]

1. e4 c5 2. Nf3 d6 3. d4 cxd4 4. Nxd4 Nf6 5. Nc3 g6 6. Be2 Bg7 7. 0-0 0-0 8. Be3 Nc6 9. h3 a6 10. a4 Bd7 11. Nb3 Be6 12. f4 Qc8 13. Kh1 Rd8 14. Nd5 Bxd5 15. exd5 Ne4 16. c4 Nb4 17. Kh2 Bxb2 18. Rb1 Bg7 19. Bd4 Nc3 20. Bxc3 Bxc3 21. Rf3 Bg7 22. Qd2 Qf5 23. Rc1 a5 24. Nxa5 Rxa5 25. Qxb4 Rda8 26. Qxb7 R8a7 27. Qb3 Rxa4 28. Qd1 h5 29. Bd3 Qf6 30. Qe2 Ra1 31. Rxa1 Rxa1 32. Rf1 Rxf1 33. Qxf1 Bh6 34. f5 Qe5+ 35. Kh1 Kg7 36. fxg6 fxg6 37. Qe2 Qxe2 38. Bxe2 h4 39. Kg1 Kf6 40. Kf2 Bf4 41. Kf3 Ke5 42. Bd3 g5 1/2-1/2

[Event "Dunaujvaros op"]
[Site "Dunaujvaros"]
[Date "2011.03.13"]
[Round "4"]
[White "Ragyelik, Andras"]
[Black "Makk, Norbert"]
[Result "0-1"]
[WhiteElo "1766"]
[BlackElo "1900"]
[PlyCount "54"]
[EventDate "2011.03.12"]
[EventType "swiss"]
[EventRounds "7"]
[EventCountry "HUN"]
[SourceTitle "CBM 141 Extra"]
[Source "ChessBase"]
[SourceDate "2011.05.03"]
[SourceVersion "1"]
[SourceVersionDate "2011.05.03"]
[SourceQuality "1"]

1. e4 d5 2. Nc3 dxe4 3. Nxe4 e5 4. Bc4 Be7 5. d3 Nf6 6. Nxf6+ Bxf6 7. Ne2 Bf5 8. 0-0 Nc6 9. Kh1 Na5 10. Bb3 Nxb3 11. axb3 0-0 12. Nc3 a6 13. f4 exf4 14. Bxf4 Bg6 15. Qf3 c6 16. Rfe1 Re8 17. Qg3 Rxe1+ 18. Rxe1 Bh4 19. Qe3 Bxe1 20. Qxe1 Qd7 21. b4 Re8 22. Qf2 Qe7 23. Bd2 Qxb4 24. b3 Qa3 25. h3 Qb2 26. Be1 Qc1 27. Ne2 Qxc2 0-1

[Event "Szombathely op-B"]
[Site "Szombathely"]
[Date "2010.08.01"]
[Round "9"]
[White "Szabo, Gabor1111"]
[Black "Makk, Norbert"]
[Result "0-1"]
[WhiteElo "1888"]
[BlackElo "1914"]
[PlyCount "70"]
[EventDate "2010.07.28"]
[EventType "swiss"]
[EventRounds "9"]
[EventCountry "HUN"]
[SourceTitle "EXT 2012"]
[Source "ChessBase"]
[SourceDate "2011.11.24"]
[SourceVersion "1"]
[SourceVersionDate "2011.11.24"]
[SourceQuality "1"]

1. e4 e5 2. d4 exd4 3. Qxd4 Nc6 4. Qe3 d6 5. Nc3 g6 6. Bd2 Bg7 7. 0-0-0 Be6 8. f4 Nge7 9. Nf3 Qd7 10. h3 f5 11. Ng5 h6 12. Nxe6 Qxe6 13. Bb5 0-0-0 14. Rhe1 Rhf8 15. Qg1 Bxc3 16. Bxc3 fxe4 17. Bxc6 Nxc6 18. Qe3 Rfe8 19. Kb1 h5 20. Re2 d5 21. Bd4 Nxd4 22. Rxd4 b6 23. Ra4 a5 24. Rd2 c5 25. c3 Qc6 26. Ra3 Kb7 27. g4 hxg4 28. hxg4 Rh8 29. b4 cxb4 30. cxb4 Rh1+ 31. Kb2 Qc1+ 32. Kb3 Rc8 33. Ka4 Qc6+ 34. Kb3 Qc4+ 35. Kb2 Rb1+ 0-1

[Event "Szombathely op-B"]
[Site "Szombathely"]
[Date "2010.07.29"]
[Round "3"]
[White "Dudas, Szilvia"]
[Black "Makk, Norbert"]
[Result "1-0"]
[WhiteElo "1830"]
[BlackElo "1914"]
[PlyCount "117"]
[EventDate "2010.07.28"]
[EventType "swiss"]
[EventRounds "9"]
[EventCountry "HUN"]
[SourceTitle "EXT 2012"]
[Source "ChessBase"]
[SourceDate "2011.11.24"]
[SourceVersion "1"]
[SourceVersionDate "2011.11.24"]
[SourceQuality "1"]

1. e4 e5 2. Nf3 Nc6 3. Nc3 Nf6 4. d4 exd4 5. Nxd4 Bb4 6. Nxc6 bxc6 7. Bd3 d5 8. exd5 cxd5 9. 0-0 0-0 10. Bg5 c6 11. Qf3 Rb8 12. Ne2 Bg4 13. Bxf6 Bxf3 14. Bxd8 Bxe2 15. Bxe2 Rfxd8 16. Bf3 c5 17. Rad1 d4 18. Be2 g6 19. Bc4 Kg7 20. g4 Re8 21. Rd3 Re4 22. h3 Ba5 23. Ra3 Bb6 24. Ra6 Rbe8 25. a4 R8e7 26. a5 Bd8 27. Kg2 Rf4 28. Rc6 Bxa5 29. Rxc5 Bb6 30. Rd5 h6 31. Bd3 g5 32. Rh1 Rf6 33. h4 Rf4 34. f3 gxh4 35. Rxh4 Bc7 36. Rdh5 Re6 37. Rh3 Bd8 38. Rd5 Bf6 39. Kg3 Bg5 40. Rh5 f6 41. Rd7+ Kf8 42. Be4 Rfxe4 43. fxe4 Rxe4 44. Rxa7 d3 45. cxd3 Re3+ 46. Kf2 Rxd3 47. Rb7 Rd4 48. Kf3 Rf4+ 49. Kg3 Rd4 50. Rh1 Ke8 51. Ra1 Rd8 52. Raa7 Rd3+ 53. Kg2 Rd2+ 54. Kf3 Rd3+ 55. Ke4 Re3+ 56. Kf5 Kf8 57. Ra8+ Re8 58. Rxe8+ Kxe8 59. Rh7 1-0

[Event "HUN-ch U16"]
[Site "Budapest"]
[Date "2010.07.01"]
[Round "6"]
[White "Horvath, Attila Bela"]
[Black "Makk, Norbert"]
[Result "1/2-1/2"]
[WhiteElo "2112"]
[BlackElo "1896"]
[PlyCount "135"]
[EventDate "2010.06.26"]
[EventType "swiss"]
[EventRounds "9"]
[EventCountry "HUN"]
[SourceTitle "CBM 137 Extra"]
[Source "ChessBase"]
[SourceDate "2010.09.01"]
[SourceVersion "1"]
[SourceVersionDate "2010.09.01"]
[SourceQuality "1"]

1. f4 d5 2. Nf3 Nf6 3. g3 Bf5 4. Bg2 c5 5. 0-0 e6 6. e3 Nc6 7. d4 Qc7 8. c3 Ne4 9. Nbd2 Be7 10. Ne5 Nxd2 11. Qxd2 f6 12. Nxc6 Qxc6 13. h3 h5 14. b3 0-0-0 15. Bb2 Qc7 16. Rac1 Kb8 17. Qe2 g5 18. c4 cxd4 19. Bxd4 gxf4 20. cxd5 Qd7 21. exf4 exd5 22. Kh2 Rde8 23. Qf2 a6 24. Rfe1 Bd8 25. Rcd1 Rxe1 26. Qxe1 Re8 27. Qc3 Qc6 28. Qxc6 bxc6 29. Bf3 Bg6 30. Rc1 Kb7 31. b4 Re6 32. Kg2 Be4 33. Kf2 Bxf3 34. Kxf3 Re4 35. Bc5 f5 36. g4 hxg4+ 37. hxg4 fxg4+ 38. Kxg4 Bc7 39. Rf1 a5 40. a3 axb4 41. axb4 Kc8 42. Kg5 Kd7 43. f5 Bd8+ 44. Kg6 Rg4+ 45. Kf7 Bc7 46. f6 Bd6 47. Bxd6 Kxd6 48. Kf8 Rxb4 49. f7 d4 50. Re1 d3 51. Kg8 Rg4+ 52. Kh7 Rf4 53. Kg7 c5 54. Re4 Rxf7+ 55. Kxf7 Kd5 56. Re8 c4 57. Kf6 c3 58. Kf5 c2 59. Rc8 d2 60. Rd8+ Kc4 61. Rxd2 c1Q 62. Rd7 Qf1+ 63. Ke6 Qh3+ 64. Ke7 Qh6 65. Kd8 Kc5 66. Rc7+ Kb6 67. Re7 Qc6 68. Re6 1/2-1/2

[Event "HUN-ch U16"]
[Site "Budapest"]
[Date "2010.06.26"]
[Round "1"]
[White "Makk, Norbert"]
[Black "Horvath, David G"]
[Result "0-1"]
[WhiteElo "1896"]
[BlackElo "2211"]
[PlyCount "86"]
[EventDate "2010.06.26"]
[EventType "swiss"]
[EventRounds "9"]
[EventCountry "HUN"]
[SourceTitle "CBM 137 Extra"]
[Source "ChessBase"]
[SourceDate "2010.09.01"]
[SourceVersion "1"]
[SourceVersionDate "2010.09.01"]
[SourceQuality "1"]

1. e4 c6 2. d4 d5 3. exd5 cxd5 4. Bd3 Nc6 5. c3 Nf6 6. Bf4 Bg4 7. Nf3 e6 8. Nbd2 Bd6 9. Bg3 0-0 10. 0-0 Bxg3 11. hxg3 Rb8 12. Qc2 Qd6 13. Rae1 Rfc8 14. Qb1 b5 15. b4 Ne7 16. Qb2 Bf5 17. Ne5 Qc7 18. Rc1 a5 19. Bxf5 Nxf5 20. a3 Nd6 21. Nd3 Ra8 22. Nc5 Ra7 23. Ncb3 axb4 24. axb4 h6 25. Nc5 Rca8 26. Ra1 Nc4 27. Nxc4 dxc4 28. Rfe1 Nd5 29. Kh1 Qe7 30. Ne4 Ra4 31. Nc5 Rxa1 32. Rxa1 Rxa1+ 33. Qxa1 Qg5 34. Qe1 Nf6 35. f3 Nd5 36. Ne4 Qe7 37. Qc1 e5 38. Qd2 f5 39. Nc5 e4 40. fxe4 fxe4 41. Kg1 e3 42. Qe1 e2 43. Kh2 Qe3 0-1

[Event "HUN-chT2 Charousek 0910"]
[Site "Hungary"]
[Date "2010.02.14"]
[Round "6"]
[White "Havanecz, Bianka"]
[Black "Makk, Norbert"]
[Result "1/2-1/2"]
[WhiteElo "1755"]
[BlackElo "1890"]
[PlyCount "95"]
[EventDate "2009.11.08"]
[EventType "team-tourn"]
[EventRounds "11"]
[EventCountry "HUN"]
[SourceTitle "EXT 2011"]
[Source "ChessBase"]
[SourceDate "2010.11.26"]
[SourceVersion "1"]
[SourceVersionDate "2010.11.26"]
[SourceQuality "1"]
[WhiteTeam "Aquaprofit II"]
[BlackTeam "Alsoszolnok"]
[WhiteTeamCountry "HUN"]
[BlackTeamCountry "HUN"]

1. d4 d5 2. c4 e6 3. Nc3 Nf6 4. Nf3 Be7 5. Bf4 c6 6. e3 Nbd7 7. Bd3 dxc4 8. Bxc4 b5 9. Bd3 Bb7 10. 0-0 a6 11. Rc1 0-0 12. Qe2 Qb6 13. Ne4 c5 14. dxc5 Nxc5 15. Nxc5 Bxc5 16. Be5 Bxf3 17. Qxf3 Nd7 18. Bg3 Rac8 19. Rfd1 Rfd8 20. h3 Nf8 21. a3 a5 22. Bb1 Ng6 23. Rxd8+ Rxd8 24. Rd1 Bd6 25. Bxg6 hxg6 26. Bxd6 Rxd6 27. Rxd6 Qxd6 28. Qa8+ Kh7 29. Qxa5 Qd1+ 30. Kh2 Qe2 31. a4 bxa4 32. Qxa4 Qxf2 33. Qd4 f6 34. b4 e5 35. Qc5 g5 36. Qc3 g4 37. hxg4 Qh4+ 38. Kg1 Qxg4 39. Qd2 Qc4 40. Kf2 f5 41. Qe2 Qxb4 42. Qh5+ Kg8 43. Qxf5 Qd6 44. g4 Qf6 45. Kf3 Qc6+ 46. Kg3 Qc5 47. Kf3 Qc6+ 48. Kg3 1/2-1/2